| 000 | 00715nam a2200265Ia 4500 | ||
|---|---|---|---|
| 003 | OSt | ||
| 005 | 20221006143642.0 | ||
| 006 | a|||||r|||| 00| 0 | ||
| 007 | ta | ||
| 008 | 221006b |||||||| |||| 00| 0 eng d | ||
| 020 |
_c _3.95 |
||
| 024 | _a9,553 | ||
| 037 | _cTextual | ||
| 040 |
_aEASL _cEASL _beng |
||
| 041 |
_2eng _aeng |
||
| 082 | _aX:935, L4 | ||
| 100 |
_aVROOM Victor H Ed. _9138996 |
||
| 245 | 0 |
_aManagement and motivation _b Selected readings |
|
| 260 |
_aEngland _bPenguin Books _c1974 |
||
| 300 |
_a400p. _ccm. |
||
| 490 | _v Oth | ||
| 700 |
_a DECI Edward Ed. _9650171 |
||
| 942 |
_hX:935, L4 _cTEXL _2CC |
||
| 999 |
_c1077639 _d1077639 |
||